La "Madrecita" de Santa Teresa de Lisieux, madre Inés de Jesús / (Record no. 96136)
[ view plain ]
| 000 -LEADER | |
|---|---|
| campo de control de longitud fija | 00618nam a2200181 i 4500 |
| 001 - NÚMERO DE CONTROL | |
| campo de control | 96136 |
| 003 - IDENTIFICADOR DE NÚMERO DE CONTROL | |
| campo de control | ES-MaACL |
| 005 - FECHA Y HORA DE LA ÚLTIMA TRANSACCIÓN | |
| campo de control | 20250811125512.0 |
| 007 - CAMPO FIJO DE DESCRIPCIÓN FÍSICA--INFORMACIÓN GENERAL | |
| campo de control de longitud fija | t| |
| 008 - DATOS DE LONGITUD FIJA--INFORMACIÓN GENERAL | |
| campo de control de longitud fija | 050610s1954 sp ||||1| spa d |
| 245 04 - MENCIÓN DEL TÍTULO | |
| Título | La "Madrecita" de Santa Teresa de Lisieux, madre Inés de Jesús / |
| Mención de responsabilidad, etc. | versión castellana por Fr. Emeterio G. Setién de J. M. |
| 260 ## - PUBLICACIÓN, DISTRIBUCIÓN, ETC. | |
| Lugar de publicación, distribución, etc. | Burgos : |
| Nombre del editor, distribuidor, etc. | El Monte Carmelo, |
| Fecha de publicación, distribución, etc. | 1954. |
| 300 ## - DESCRIPCIÓN FÍSICA | |
| Extensión | XVI, 310 p., 4 lám. ; |
| Dimensiones | 17 cm. |
| 600 04 - PUNTO DE ACCESO ADICIONAL DE MATERIA--NOMBRE DE PERSONA | |
| Nombre de persona | Agnès de Jésus, |
| Fechas asociadas al nombre | 1861-1951 |
| 9 (RLIN) | 171443 |
| 700 1# - ENTRADA AGREGADA--NOMBRE PERSONAL | |
| Nombre de persona | Emeterio G. Setién de J. M. ( |
| Fechas asociadas al nombre | 1915-2001) |
| 9 (RLIN) | 171444 |
| 852 ## - LOCALIZACIÓN | |
| Ubicación | ES-MaACL |
| Número de control de estantería | C-9350 |
| Estatus retirado | Estado de pérdida | Estado de daño | No para préstamo | Biblioteca de origen | Biblioteca actual | Ubicación en estantería | Fecha de adquisición | Fuente de adquisición | Total de préstamos | Signatura topográfica completa | Código de barras | Visto por última vez | Precio de reemplazo | Tipo de ítem Koha |
|---|---|---|---|---|---|---|---|---|---|---|---|---|---|---|
| Biblioteca del Ateneo de Madrid | Biblioteca del Ateneo de Madrid | Sala Palomar | 17/01/2008 | C-9350 | 1100374 | 23/02/2023 | 23/02/2023 | Libro impreso |
